[Event "Bouches du Rhone op 0607"]
[Site "Bouches du Rhone"]
[Date "2007.01.13"]
[Round "4"]
[White "Cortes, Antoine"]
[Black "Simone, Herve"]
[Result "1-0"]
[WhiteElo "2158"]
[BlackElo "1720"]
[PlyCount "75"]
[EventDate "2006.10.21"]
[EventType "swiss"]
[EventRounds "9"]
[EventCountry "FRA"]
[SourceTitle "EXT 2008"]
[Source "ChessBase"]
[SourceDate "2007.11.25"]
[SourceVersion "1"]
[SourceVersionDate "2007.11.25"]
[SourceQuality "1"]

1. e4 e6 2. d4 d5 3. Nc3 dxe4 4. Nxe4 f5 5. Nc3 Nf6 6. Nf3 Bd6 7. Bc4 0-0 8. 0-0 c6 9. Re1 Re8 10. Bb3 Nd5 11. Bg5 Be7 12. Nxd5 Bxg5 13. Nc3 Na6 14. Qd3 b5 15. Qxf5 Bf6 16. Qd3 Nb4 17. Qe2 Qb6 18. Ne4 Nd5 19. Nxf6+ Nxf6 20. Qe5 h6 21. c3 Kh8 22. Qg3 c5 23. Qg6 Re7 24. Ne5 Kg8 25. dxc5 Qxc5 26. Rad1 Nd5 27. Bc2 Rc7 28. Qh7+ Kf8 29. Qh8+ Ke7 30. Qxg7+ Kd6 31. Rxd5+ Qxd5 32. Qf8+ Re7 33. Rd1 Bb7 34. Qf4 Rg7 35. Rxd5+ Bxd5 36. g3 Ke7 37. Qb4+ Kf6 38. Qh4+ 1-0

[Event "Bouches du Rhone op 0607"]
[Site "Bouches du Rhone"]
[Date "2006.12.02"]
[Round "2"]
[White "Cortes, Antoine"]
[Black "Girard, Jean Pierre"]
[Result "1/2-1/2"]
[WhiteElo "2158"]
[BlackElo "1973"]
[PlyCount "129"]
[EventDate "2006.10.21"]
[EventType "swiss"]
[EventRounds "9"]
[EventCountry "FRA"]
[SourceTitle "EXT 2008"]
[Source "ChessBase"]
[SourceDate "2007.11.25"]
[SourceVersion "1"]
[SourceVersionDate "2007.11.25"]
[SourceQuality "1"]

1. e4 c5 2. Nc3 Nc6 3. Nge2 d6 4. d4 cxd4 5. Nxd4 Nf6 6. Bc4 e6 7. Be3 Be7 8. Qe2 0-0 9. 0-0-0 Ne5 10. Bb3 a6 11. f4 Neg4 12. e5 Nxe3 13. exf6 Nxd1 14. fxe7 Qxe7 15. Rxd1 Qf6 16. Qd2 d5 17. Nf3 b5 18. Ne5 Ra7 19. Qd4 Rc7 20. Nf3 Qxd4 21. Rxd4 Bd7 22. a4 Rfc8 23. axb5 axb5 24. Rb4 Kf8 25. Kd2 Ke7 26. Ne5 Be8 27. Bxd5 Rxc3 28. bxc3 exd5 29. Nf3 g6 30. Nd4 Rb8 31. Rb1 Kd6 32. Ra1 b4 33. Ra7 Bd7 34. Ra6+ Ke7 35. cxb4 Rxb4 36. Kc3 Rc4+ 37. Kd3 Rc8 38. Ra7 Kd6 39. g4 Rc7 40. Rxc7 Kxc7 41. g5 Kd6 42. c3 Ke7 43. Nb3 Bb5+ 44. Kd4 Bc4 45. Nd2 Ke6 46. Nxc4 dxc4 47. Kxc4 Kf5 48. Kd4 Kxf4 49. c4 Kxg5 50. c5 Kf6 51. Kd5 Ke7 52. Kc6 f5 53. Kb7 f4 54. c6 f3 55. c7 f2 56. c8Q f1Q 57. Qc7+ Kf8 58. Qxh7 Qf7+ 59. Qxf7+ Kxf7 60. Kc6 Kf6 61. Kd5 Kf5 62. Kd4 Kf4 63. Kd5 g5 64. Ke6 g4 65. Kf6 1/2-1/2

[Event "Vitrolles Majeur op 0405"]
[Site "Vitrolles"]
[Date "2005.01.29"]
[Round "6"]
[White "Cipriani, Pierre"]
[Black "Cortes, Antoine"]
[Result "1/2-1/2"]
[WhiteElo "1800"]
[BlackElo "2150"]
[PlyCount "89"]
[EventDate "2004.10.16"]
[EventType "swiss"]
[EventRounds "9"]
[EventCountry "FRA"]
[SourceTitle "EXT 2008"]
[Source "ChessBase"]
[SourceDate "2007.11.25"]
[SourceVersion "1"]
[SourceVersionDate "2007.11.25"]
[SourceQuality "1"]

1. Nf3 g6 2. c4 Bg7 3. g3 Nf6 4. Bg2 0-0 5. 0-0 d6 6. Nc3 e5 7. d4 Nc6 8. Bg5 h6 9. Be3 Ng4 10. Qd2 Nxe3 11. fxe3 Bg4 12. d5 Ne7 13. h3 Bd7 14. e4 a5 15. Nh4 Kh7 16. Rf2 h5 17. Raf1 f6 18. a4 Bh6 19. Qd3 Ng8 20. b3 Qb8 21. Nd1 Qa7 22. Kh2 Qc5 23. Bf3 b6 24. g4 Bf4+ 25. Kh1 Bg3 26. gxh5 Bxh4 27. hxg6+ Kg7 28. Rg2 Ne7 29. Bg4 Bxg4 30. Rxg4 Rh8 31. Qf3 Raf8 32. Ne3 Bg5 33. Nf5+ Nxf5 34. Qxf5 Qe3 35. Qd7+ Kh6 36. g7 Qxh3+ 37. Kg1 Rd8 38. gxh8Q+ Rxh8 39. Qf5 Rg8 40. Rf2 Qe3 41. Kg2 Rg7 42. Qf3 Qd4 43. Kh1 Qd1+ 44. Rg1 Qd2 45. Rh2+ 1/2-1/2

[Event "FRA-chT2 0405"]
[Site "France"]
[Date "2004.11.07"]
[Round "3.5"]
[White "Comte, Frederic"]
[Black "Cortes, Antoine"]
[Result "1-0"]
[WhiteElo "2159"]
[BlackElo "2150"]
[PlyCount "99"]
[EventDate "2004.10.10"]
[EventType "team-tourn"]
[EventRounds "11"]
[EventCountry "FRA"]
[SourceTitle "EXT 2006"]
[Source "ChessBase"]
[SourceDate "2005.11.24"]
[SourceVersion "1"]
[SourceVersionDate "2005.11.24"]
[SourceQuality "1"]

1. e4 c5 2. Nf3 d6 3. Bb5+ Nc6 4. 0-0 Bd7 5. Re1 Nf6 6. c3 a6 7. Bf1 Bg4 8. h3 Bxf3 9. Qxf3 g6 10. d3 Bg7 11. Be3 0-0 12. Qe2 e5 13. f4 exf4 14. Bxf4 Nh5 15. Bh2 d5 16. g4 Nf6 17. Nd2 dxe4 18. Nxe4 Nxe4 19. Qxe4 Qd7 20. Bg2 Rac8 21. Qd5 Qxd5 22. Bxd5 Rfd8 23. Be4 b5 24. Re2 a5 25. Rae1 Be5 26. Bxc6 Bxh2+ 27. Kxh2 Rxc6 28. Re8+ Rxe8 29. Rxe8+ Kg7 30. Ra8 Re6 31. Rxa5 Re2+ 32. Kg3 Rxb2 33. Kf4 Rc2 34. Rxb5 Rxc3 35. Rb3 Rc2 36. a3 c4 37. dxc4 Rxc4+ 38. Ke5 h5 39. Kd5 Rc1 40. gxh5 gxh5 41. a4 Ra1 42. Rb4 Kf6 43. Kc5 Ke5 44. Kb6 f5 45. a5 f4 46. Rb5+ Ke4 47. Rxh5 f3 48. Rh4+ Ke5 49. Rh5+ Kd4 50. Rf5 1-0

[Event "Provence-ch Majeur op 9899"]
[Site "France"]
[Date "1999.??.??"]
[Round "5"]
[White "Metras, Dominique"]
[Black "Cortes, Antoine"]
[Result "0-1"]
[WhiteElo "2030"]
[BlackElo "2135"]
[PlyCount "86"]
[EventDate "1998.??.??"]
[EventType "swiss"]
[EventRounds "9"]
[EventCountry "FRA"]
[SourceTitle "EXT 2005"]
[Source "ChessBase"]
[SourceDate "2004.11.15"]
[SourceVersion "1"]
[SourceVersionDate "2004.11.15"]
[SourceQuality "1"]

1. d4 Nf6 2. Nf3 g6 3. Bf4 Bg7 4. e3 0-0 5. h3 d6 6. Bc4 Nbd7 7. 0-0 Qe8 8. Nc3 c6 9. Re1 e5 10. Bh2 e4 11. Nd2 d5 12. Bf1 Qe7 13. Ne2 Bh6 14. Nf4 g5 15. Nh5 Ne8 16. c4 f5 17. cxd5 cxd5 18. Qb3 Qf7 19. Ng3 Kh8 20. Be2 Ng7 21. Rac1 f4 22. Nh1 Nf6 23. Qa3 g4 24. Rc7 Qg8 25. hxg4 Bxg4 26. Bxg4 Nxg4 27. Nf1 Nxh2 28. Nxh2 fxe3 29. fxe3 Ne6 30. Rc2 Ng5 31. g4 Nf3+ 32. Nxf3 Rxf3 33. Rg2 Raf8 34. Qc3 Qf7 35. Qd2 Bg5 36. Ree2 Rf1+ 37. Kh2 Qc7+ 38. Ng3 Bh4 39. Kh3 Bxg3 40. Rxg3 R8f3 41. Rxf3 Rxf3+ 42. Kh4 Qg3+ 43. Kg5 h6+ 0-1

[Event "FRA-chT2S 9899"]
[Site "France"]
[Date "1999.??.??"]
[Round "5"]
[White "Van Elst, Andreas"]
[Black "Cortes, Antoine"]
[Result "1/2-1/2"]
[WhiteElo "2236"]
[BlackElo "2129"]
[PlyCount "131"]
[EventDate "1998.??.??"]
[EventType "team-tourn"]
[EventRounds "9"]
[EventCountry "FRA"]
[SourceTitle "EXT 2002"]
[Source "ChessBase"]
[SourceDate "2001.11.25"]
[SourceVersion "1"]
[SourceVersionDate "2001.11.25"]
[SourceQuality "1"]

1. e4 c5 2. Nf3 Nc6 3. Bb5 d6 4. 0-0 Bd7 5. Re1 a6 6. Bf1 Bg4 7. h3 Bxf3 8. Qxf3 g6 9. c3 Bg7 10. d3 Nf6 11. Be3 e5 12. Nd2 h6 13. g3 0-0 14. Bg2 b5 15. Qe2 Rc8 16. Nf1 Ne7 17. d4 cxd4 18. cxd4 Nd7 19. Red1 Nc6 20. dxe5 Ndxe5 21. b3 Nb4 22. Rac1 Rxc1 23. Bxc1 Qc7 24. Be3 Qa5 25. f4 Ned3 26. Rxd3 Nxd3 27. Qxd3 Qxa2 28. Qxd6 a5 29. Qd5 a4 30. bxa4 Qxd5 31. exd5 bxa4 32. d6 a3 33. Bd5 Ra8 34. Ba2 Rb8 35. Bc1 Bd4+ 36. Kg2 Bc5 37. Nd2 Bxd6 38. Nc4 Be7 39. Ne5 Kg7 40. Kf3 Rc8 41. Nc4 Rd8 42. Ke2 Bc5 43. Bd2 h5 44. Bc3+ f6 45. Bd2 Re8+ 46. Kd3 Bf2 47. g4 hxg4 48. hxg4 Rh8 49. Bc3 Bc5 50. g5 Rh3+ 51. Kc2 Rxc3+ 52. Kxc3 fxg5 53. fxg5 Be7 54. Bb1 Bxg5 55. Nxa3 Be7 56. Nc4 Kf6 57. Kd4 Bb4 58. Ke4 Bc3 59. Kf4 Bd4 60. Kg4 Bc5 61. Nd2 Bb4 62. Ne4+ Kg7 63. Ng5 Bd2 64. Nh3 g5 65. Nxg5 Bxg5 66. Kxg5 1/2-1/2

[Event "Provence-ch Principal 9798"]
[Site "France"]
[Date "1998.??.??"]
[Round "5"]
[White "Metras, Dominique"]
[Black "Cortes, Antoine"]
[Result "0-1"]
[WhiteElo "2080"]
[BlackElo "2125"]
[PlyCount "38"]
[EventDate "1997.??.??"]
[EventType "tourn"]
[EventRounds "9"]
[EventCountry "FRA"]
[SourceTitle "EXT 2005"]
[Source "ChessBase"]
[SourceDate "2004.11.15"]
[SourceVersion "1"]
[SourceVersionDate "2004.11.15"]
[SourceQuality "1"]

1. c4 e6 2. Nc3 d5 3. cxd5 exd5 4. d4 c5 5. Nf3 Nc6 6. Bg5 Be7 7. Bxe7 Ngxe7 8. dxc5 d4 9. Ne4 0-0 10. Qd2 Qd5 11. Nd6 Qxc5 12. Nxc8 Raxc8 13. a3 Rfe8 14. g3 Ng6 15. Bh3 d3 16. e3 Nge5 17. Nxe5 Nxe5 18. Bg2 Nc4 19. Qxd3 Nxe3 0-1

[Event "Provence-ch Majeur op 9697"]
[Site "France"]
[Date "1997.??.??"]
[Round "4"]
[White "Bon, Michael"]
[Black "Cortes, Antoine"]
[Result "1/2-1/2"]
[WhiteElo "2050"]
[BlackElo "2145"]
[PlyCount "54"]
[EventDate "1996.??.??"]
[EventType "swiss"]
[EventRounds "7"]
[EventCountry "FRA"]
[SourceTitle "EXT 2005"]
[Source "ChessBase"]
[SourceDate "2004.11.15"]
[SourceVersion "1"]
[SourceVersionDate "2004.11.15"]
[SourceQuality "1"]

1. e4 c5 2. Nf3 Nc6 3. c3 Nf6 4. e5 Nd5 5. d4 cxd4 6. cxd4 d6 7. Bc4 Nb6 8. Bb5 e6 9. Bg5 Be7 10. Bxe7 Qxe7 11. Nc3 Bd7 12. 0-0 0-0 13. a3 Nd5 14. Nxd5 exd5 15. Qb3 dxe5 16. Bxc6 Bxc6 17. Nxe5 Rfe8 18. Rac1 Qh4 19. Qf3 Re7 20. Rfd1 Rae8 21. g3 Qh3 22. Nd3 Ba4 23. Re1 Rxe1+ 24. Rxe1 Rxe1+ 25. Nxe1 Qe6 26. Qe3 Qxe3 27. fxe3 f6 1/2-1/2

[Event "Provence-ch Principal 9798"]
[Site "France"]
[Date "1997.??.??"]
[Round "1"]
[White "Didier, Guillaume"]
[Black "Cortes, Antoine"]
[Result "1-0"]
[WhiteElo "2050"]
[BlackElo "2125"]
[PlyCount "115"]
[EventDate "1997.??.??"]
[EventType "tourn"]
[EventRounds "9"]
[EventCountry "FRA"]
[SourceTitle "EXT 2005"]
[Source "ChessBase"]
[SourceDate "2004.11.15"]
[SourceVersion "1"]
[SourceVersionDate "2004.11.15"]
[SourceQuality "1"]

1. d4 Nf6 2. c4 e6 3. Nc3 Bb4 4. e3 0-0 5. Bd3 c5 6. Nf3 b6 7. 0-0 Bxc3 8. bxc3 Bb7 9. Re1 Ne4 10. Nd2 f5 11. f3 Nf6 12. e4 fxe4 13. Nxe4 Nc6 14. Bg5 cxd4 15. cxd4 Nxd4 16. Bxf6 gxf6 17. Nd6 Bc6 18. Bxh7+ Kxh7 19. Qxd4 f5 20. Qf4 Qf6 21. Rad1 Rg8 22. Rd3 Rg6 23. g3 Rag8 24. Nb5 Qb2 25. Rd2 Qb4 26. Nxa7 Bd5 27. Nb5 Bxc4 28. Nd6 Qc5+ 29. Qe3 Qxe3+ 30. Rxe3 f4 31. Re4 Bxa2 32. Rxa2 fxg3 33. Rh4+ Rh6 34. Rxh6+ Kxh6 35. hxg3 Rxg3+ 36. Kf2 Rg7 37. Rb2 Kg5 38. Ke3 Rh7 39. Rxb6 Kf6 40. Ne4+ Kf5 41. Rb7 Ke5 42. f4+ Kf5 43. Nd6+ Kg4 44. Rb5 Rh1 45. Rg5+ Kh4 46. Rg7 Re1+ 47. Kf2 Ra1 48. Nc4 d5 49. Ne3 Kh5 50. Rg5+ Kh6 51. Re5 Ra6 52. Nc2 Kg6 53. Nd4 Kf6 54. Kg3 Rb6 55. Kg4 Ra6 56. Rh5 Kg6 57. Nxe6 Kf6 58. Nc7 1-0

[Event "Provence-ch Majeur op 9697"]
[Site "France"]
[Date "1997.??.??"]
[Round "7"]
[White "Girard, Jean Pierre"]
[Black "Cortes, Antoine"]
[Result "0-1"]
[WhiteElo "1940"]
[BlackElo "2145"]
[PlyCount "80"]
[EventDate "1996.??.??"]
[EventType "swiss"]
[EventRounds "7"]
[EventCountry "FRA"]
[SourceTitle "EXT 2005"]
[Source "ChessBase"]
[SourceDate "2004.11.15"]
[SourceVersion "1"]
[SourceVersionDate "2004.11.15"]
[SourceQuality "1"]

1. e4 d6 2. d4 Nf6 3. Nc3 g6 4. Nf3 Bg7 5. Be2 0-0 6. 0-0 c6 7. a4 a5 8. h3 Na6 9. Be3 d5 10. exd5 cxd5 11. Nb5 Nc7 12. Re1 Bd7 13. Nxc7 Qxc7 14. Ne5 Bf5 15. c4 dxc4 16. Bxc4 Nd7 17. Rc1 Qb6 18. Nxd7 Bxd7 19. b3 Qd6 20. Qf3 Bc6 21. d5 Bd7 22. Bf4 Qf6 23. Qg3 Rfe8 24. Bg5 Qd6 25. Bf4 Qb4 26. Bf1 Bf5 27. Bb5 Red8 28. Bc4 Bb2 29. Rcd1 Bc2 30. d6 Bxd1 31. Rxd1 exd6 32. Qf3 Rd7 33. h4 Re8 34. Rd5 Qe1+ 35. Kh2 Be5 36. g3 Bxf4 37. Qxf4 Re5 38. Rxd6 Rf5 39. Qxf5 gxf5 40. Rxd7 Qxf2+ 0-1

[Event "Provence-ch Majeur op 9495"]
[Site "France"]
[Date "1994.??.??"]
[Round "4"]
[White "Cortes, Antoine"]
[Black "Gaudineau, Eric"]
[Result "1-0"]
[WhiteElo "2170"]
[BlackElo "2190"]
[PlyCount "101"]
[EventDate "1994.??.??"]
[EventType "swiss"]
[EventRounds "9"]
[EventCountry "FRA"]
[SourceTitle "EXT 2005"]
[Source "ChessBase"]
[SourceDate "2004.11.15"]
[SourceVersion "1"]
[SourceVersionDate "2004.11.15"]
[SourceQuality "1"]

1. e4 e5 2. Nf3 Nc6 3. Bb5 Bc5 4. c3 d5 5. exd5 Qxd5 6. Qe2 Kf8 7. Bc4 Qd8 8. Nxe5 Nxe5 9. Qxe5 Bxf2+ 10. Kxf2 Qh4+ 11. Qg3 Qxc4 12. d3 Qc5+ 13. d4 Qf5+ 14. Qf4 f6 15. Re1 Ne7 16. Na3 g5 17. Qxf5 Bxf5 18. Nb5 Nd5 19. Bxg5 fxg5 20. Re5 Bd3 21. Rxd5 c6 22. Nc7 Rc8 23. Ne6+ Ke7 24. Re5 Kd6 25. Nxg5 Rhg8 26. Rae1 Rg7 27. R1e3 Bb1 28. Ne4+ Kc7 29. Nc5 Rf7+ 30. Kg1 b6 31. Na6+ Kb7 32. Nb4 a5 33. Nd3 Ka6 34. a3 Rcf8 35. h3 Rf1+ 36. Kh2 Rd1 37. Ne1 Rf2 38. b4 Ra2 39. bxa5 bxa5 40. c4 Rxd4 41. Re8 Rxc4 42. Rb3 Ka7 43. Re7+ Ka6 44. Reb7 a4 45. R3b6+ Ka5 46. Rxb1 Ka6 47. Nd3 Rcc2 48. Rg7 c5 49. Rg8 Ka7 50. Ne5 Rcb2 51. Nc6+ 1-0

[Event "Provence-ch Majeur op 9495"]
[Site "France"]
[Date "1994.??.??"]
[Round "9"]
[White "Girard, Jean Pierre"]
[Black "Cortes, Antoine"]
[Result "0-1"]
[WhiteElo "1860"]
[BlackElo "2170"]
[PlyCount "64"]
[EventDate "1994.??.??"]
[EventType "swiss"]
[EventRounds "9"]
[EventCountry "FRA"]
[SourceTitle "EXT 2005"]
[Source "ChessBase"]
[SourceDate "2004.11.15"]
[SourceVersion "1"]
[SourceVersionDate "2004.11.15"]
[SourceQuality "1"]

1. e4 d6 2. d4 Nf6 3. Nc3 g6 4. Nf3 Bg7 5. Be2 0-0 6. 0-0 Bg4 7. Be3 Nc6 8. h3 Bxf3 9. Bxf3 e5 10. dxe5 dxe5 11. Nb5 Qe7 12. c3 a6 13. Na3 Rfd8 14. Qe2 Qe6 15. Qc2 Rd6 16. Be2 b5 17. Rfe1 Rad8 18. b4 h5 19. Rad1 Rxd1 20. Rxd1 Rxd1+ 21. Bxd1 Kh7 22. Nb1 Qd7 23. Nd2 Bh6 24. Nf1 Qd6 25. Qb3 Nd8 26. Qc2 Ne6 27. Qe2 Bxe3 28. Nxe3 Nxe4 29. Bc2 Nf4 30. Qf3 Ng5 31. Qa8 Qd2 32. Kh2 Qxf2 0-1

[Event "Provence-ch Majeur op 9495"]
[Site "France"]
[Date "1994.??.??"]
[Round "5"]
[White "Sebban, Jean Paul"]
[Black "Cortes, Antoine"]
[Result "1/2-1/2"]
[WhiteElo "2080"]
[BlackElo "2170"]
[PlyCount "73"]
[EventDate "1994.??.??"]
[EventType "swiss"]
[EventRounds "9"]
[EventCountry "FRA"]
[SourceTitle "EXT 2005"]
[Source "ChessBase"]
[SourceDate "2004.11.15"]
[SourceVersion "1"]
[SourceVersionDate "2004.11.15"]
[SourceQuality "1"]

1. d4 f5 2. e4 fxe4 3. Nc3 Nf6 4. Bg5 Nc6 5. d5 Ne5 6. Qd4 Nf7 7. Nh3 g6 8. Bxf6 exf6 9. Nxe4 Bg7 10. 0-0-0 0-0 11. Qd2 b5 12. Bxb5 Rb8 13. Bc4 f5 14. Nc3 Nd6 15. Bb3 a5 16. Qd3 Rb6 17. Na4 Ba6 18. Qd2 Rb5 19. c3 Rb8 20. Nc5 Bb5 21. Qf4 Rb6 22. Rhe1 h6 23. Rd4 Bxd4 24. Qxd4 Re8 25. Re3 Rxe3 26. fxe3 Nf7 27. Ne6 dxe6 28. dxe6 Rd6 29. exf7+ Kh7 30. Qe5 Be2 31. Nf2 Qf8 32. Qxa5 Qe7 33. f8N+ Qxf8 34. Qxc7+ Kh8 35. Qf7 Qd8 36. Ba4 Bf1 37. g4 1/2-1/2

[Event "Provence-ch Principal 9394"]
[Site "France"]
[Date "1993.??.??"]
[Round "3"]
[White "Cortes, Antoine"]
[Black "Maruejols, Claude"]
[Result "0-1"]
[WhiteElo "2100"]
[BlackElo "1950"]
[PlyCount "66"]
[EventDate "1993.??.??"]
[EventType "tourn"]
[EventRounds "9"]
[EventCountry "FRA"]
[SourceTitle "EXT 2005"]
[Source "ChessBase"]
[SourceDate "2004.11.15"]
[SourceVersion "1"]
[SourceVersionDate "2004.11.15"]
[SourceQuality "1"]

1. e4 c5 2. Nf3 d6 3. d4 cxd4 4. Nxd4 Nf6 5. Nc3 a6 6. Be2 e5 7. Nb3 Be7 8. Bg5 Be6 9. Bxf6 Bxf6 10. Qd3 0-0 11. 0-0-0 Be7 12. Nd5 Bxd5 13. Qxd5 Qc7 14. h4 Nd7 15. Kb1 Rac8 16. Rc1 b5 17. g4 Nb6 18. Qd3 Rfd8 19. Bf3 Qc4 20. Qe3 Qc7 21. g5 d5 22. Bg4 Rb8 23. Bf5 Nc4 24. Qe2 g6 25. Bh3 d4 26. h5 Ba3 27. hxg6 Bxb2 28. gxf7+ Kf8 29. Rcd1 Bc3 30. Qh5 Na3+ 31. Kc1 Bb2+ 32. Kd2 Qxc2+ 33. Ke1 Qxe4+ 0-1

[Event "Provence-ch Principal 9394"]
[Site "France"]
[Date "1993.??.??"]
[Round "6"]
[White "Cortes, Antoine"]
[Black "Milesi, Laurent"]
[Result "1/2-1/2"]
[WhiteElo "2100"]
[BlackElo "2010"]
[PlyCount "64"]
[EventDate "1993.??.??"]
[EventType "tourn"]
[EventRounds "9"]
[EventCountry "FRA"]
[SourceTitle "EXT 2005"]
[Source "ChessBase"]
[SourceDate "2004.11.15"]
[SourceVersion "1"]
[SourceVersionDate "2004.11.15"]
[SourceQuality "1"]

1. d4 Nf6 2. c4 g6 3. Nc3 d5 4. cxd5 Nxd5 5. e4 Nxc3 6. bxc3 Bg7 7. Bc4 0-0 8. Ne2 Nc6 9. Bd3 Na5 10. 0-0 c5 11. Be3 Qc7 12. Rc1 b6 13. f4 f5 14. exf5 gxf5 15. Ng3 e6 16. d5 exd5 17. Bxf5 Bxf5 18. Qxd5+ Qf7 19. Nxf5 Qxd5 20. Ne7+ Kf7 21. Nxd5 Rad8 22. Rcd1 Rd7 23. Bf2 Rfd8 24. Bh4 Re8 25. f5 Re5 26. Nf4 Rxd1 27. Rxd1 Rxf5 28. Rd7+ Kg8 29. Nd5 Nc6 30. g4 Rf7 31. Rd6 Ne5 32. Nf6+ Bxf6 1/2-1/2

[Event "Provence-ch Principal 9394"]
[Site "France"]
[Date "1993.??.??"]
[Round "4"]
[White "Cortes, Antoine"]
[Black "Soalleiro, Jean"]
[Result "1-0"]
[WhiteElo "2100"]
[BlackElo "2030"]
[PlyCount "81"]
[EventDate "1993.??.??"]
[EventType "tourn"]
[EventRounds "9"]
[EventCountry "FRA"]
[SourceTitle "EXT 2005"]
[Source "ChessBase"]
[SourceDate "2004.11.15"]
[SourceVersion "1"]
[SourceVersionDate "2004.11.15"]
[SourceQuality "1"]

1. e4 Nf6 2. e5 Nd5 3. Nc3 Nxc3 4. bxc3 Nc6 5. d4 d6 6. f4 dxe5 7. fxe5 Bf5 8. Nf3 e6 9. Bd3 Bxd3 10. Qxd3 Be7 11. 0-0 0-0 12. Qe4 Qd5 13. Qg4 f5 14. Qh5 Rf7 15. Bg5 Qe4 16. Rae1 Qg4 17. Qxg4 fxg4 18. Bxe7 gxf3 19. Bh4 fxg2 20. Rxf7 Kxf7 21. Kxg2 Ne7 22. c4 Nf5 23. Bf2 Rd8 24. c3 b6 25. Kf3 c6 26. a4 Rd7 27. Ke4 g5 28. a5 Ne7 29. Be3 h6 30. Rf1+ Nf5 31. axb6 axb6 32. Rb1 Rb7 33. Bd2 Kg6 34. Bc1 Ne7 35. Ba3 Nf5 36. Bd6 Ng7 37. d5 cxd5+ 38. cxd5 Rf7 39. dxe6 Nxe6 40. Rxb6 Kg7 41. Kd5 1-0

[Event "Provence-ch Majeur op 9293"]
[Site "France"]
[Date "1992.??.??"]
[Round "2"]
[White "Cortes, Antoine"]
[Black "Sabatie, Jean Louis"]
[Result "1-0"]
[WhiteElo "2070"]
[BlackElo "1850"]
[PlyCount "65"]
[EventDate "1992.??.??"]
[EventType "swiss"]
[EventRounds "9"]
[EventCountry "FRA"]
[SourceTitle "EXT 2005"]
[Source "ChessBase"]
[SourceDate "2004.11.15"]
[SourceVersion "1"]
[SourceVersionDate "2004.11.15"]
[SourceQuality "1"]

1. e4 c5 2. Nc3 Nc6 3. Nge2 g6 4. d4 cxd4 5. Nxd4 Bg7 6. Be3 d6 7. Be2 Nf6 8. 0-0 0-0 9. Nb3 Bd7 10. f4 Qc8 11. Kh1 Bg4 12. Bf3 Bxf3 13. Rxf3 Ng4 14. Bg1 Nh6 15. Qd2 f5 16. Re1 Rf7 17. exf5 Nxf5 18. Ne4 h6 19. c3 a5 20. Rh3 a4 21. Nc1 Bf6 22. Nxf6+ Rxf6 23. g4 Ng7 24. Qd5+ Kh7 25. f5 gxf5 26. g5 Rg6 27. Rxh6+ Rxh6 28. gxh6 Kxh6 29. Be3+ Kh7 30. Rg1 Ne5 31. Rg3 Qc6 32. Rh3+ Kg6 33. Rh6# 1-0